| 000 | 00471nam a22001817a 4500 | ||
|---|---|---|---|
| 003 | CEME | ||
| 005 | 20210628201715.0 | ||
| 008 | 210204b xxu||||| |||| 00| 0 eng d | ||
| 020 | _a81-7319-606-0 | ||
| 040 | _c. | ||
| 082 | _a515 KUM | ||
| 100 |
_aKumar, Naveen _956435 |
||
| 245 | _aAn elementary course on variational problems in calculus | ||
| 260 |
_aNEW DELHI _bNAROSA _c2005 |
||
| 300 | _aVII,131P | ||
| 650 |
_aPROBLEMS IN CALCULUS _956436 |
||
| 942 |
_cBK _2ddc |
||
| 999 |
_c566853 _d566853 |
||